The vishnu purana :a system of hindu mythology and tradition text in devanagiri english translation notes and appendices etc. translated from the original sanskrit (v.1/ (Record no. 50088)

000 -LEADER
fixed length control field 00584nam a22001811a 4500
082 ## - DEWEY DECIMAL CLASSIFICATION NUMBER
Classification number S 294.592 5
Item number WIL/V
245 ## - TITLE STATEMENT
Title The vishnu purana :a system of hindu mythology and tradition text in devanagiri english translation notes and appendices etc. translated from the original sanskrit (v.1/
Statement of responsibility, etc by Wilson H H (ill.)
260 ## - PUBLICATION, DISTRIBUTION, ETC. (IMPRINT)
Place of publication Delhi:
Name of publisher Nag,
Year of publication 1980.
300 ## - PHYSICAL DESCRIPTION
Number of Pages 500p.
650 ## - SUBJECT ADDED ENTRY--TOPICAL TERM
Topical Term Vishnupurana
650 ## - SUBJECT ADDED ENTRY--TOPICAL TERM
Topical Term Purana
650 ## - SUBJECT ADDED ENTRY--TOPICAL TERM
Topical Term Vedic Literature
650 ## - SUBJECT ADDED ENTRY--TOPICAL TERM
Topical Term Hinduism
650 ## - SUBJECT ADDED ENTRY--TOPICAL TERM
Topical Term Religion
700 ## - ADDED ENTRY--PERSONAL NAME
Personal name Wilson H H (ill.)
700 ## - ADDED ENTRY--PERSONAL NAME
Personal name Nag Sharan Singh (ed.)
942 ## - ADDED ENTRY ELEMENTS (KOHA)
Koha item type Book
Holdings
Withdrawn status Lost status Damaged status Not for loan Permanent Location Current Location Date acquired Cost, normal purchase price Full call number Accession Number Cost, replacement price Price effective from Koha item type
        Sree Sankaracharya University of Sanskrit Sree Sankaracharya University of Sanskrit 08.01.2015 600.00 S 294.592 5 WIL/V 042243 0.00 08.01.2015 Book
        Sree Sankaracharya University of Sanskrit Sree Sankaracharya University of Sanskrit 08.01.2015 300.00 S 294.592 5 WIL/V 052853 0.00 08.01.2015 Book